Który kraj jest większy quiz - Statystyki

Ogólne statystyki
  • Ten quiz został rozwiązany 433 razy
  • Średni wynik to 6 z 10
Statystyki odpowiedzi
Zagadnienie Odpowiedź % Poprawnych
Który kraj jest większy? Chiny
86%
Który kraj jest większy? Grecja
84%
Który kraj jest większy? Rumunia
79%
Który kraj jest większy? Malezja
60%
Który kraj jest większy? Wenezuela
60%
Który kraj jest większy? Jordania
58%
Który kraj jest większy? Singapur
55%
Który kraj jest większy? Tunezja
46%
Który kraj jest większy? Namibia
37%
Który kraj jest większy? Wyspy Salomona
20%
Nie znaleziono quizów pasujących do podanych kryteriów
Rozkład punktacji
Procent ludzi z każdym wynikiem
Percentyl według liczby udzielonych odpowiedzi
Twoja historia wyników
Nie rozwiązałeś tego quizu